¿Es posible una ley uniforme a lo largo del orbe que regule la insolvencia? (Registro nro. 20989)

Detalles MARC
000 -LEADER
fixed length control field 00369 a2200109 4500
001 - CONTROL NUMBER
control field ART_41750
005 - DATE AND TIME OF LATEST TRANSACTION
control field 20260410161806.0
008 - FIXED-LENGTH DATA ELEMENTS--GENERAL INFORMATION
fixed length control field 260409a
100 1# - MAIN ENTRY--PERSONAL NAME
Personal name Barreiro, Marcelo G.
245 10 - TITLE STATEMENT
Title ¿Es posible una ley uniforme a lo largo del orbe que regule la insolvencia?
773 0# - HOST ITEM ENTRY
Title Doctrina Societaria y Concursal
Related parts - Nº 305 (abr. 2013)
Record control number REV4298

No hay ítems disponibles.